000 00770nam a2200181Ia 4500
008 100917s9999 xx 000 0 und d
082 _b42288
100 _aधोंड मधुकर वासुदेव
245 _aज्ञानेश्वर स्वरूप तत्वज्ञान आणि काव्य
260 _bकोठावळे प्रकाशन
_c1980
300 _a116
365 _b20
520 _aअध्यात्म
630 _aज्ञानेश्वर स्वरूप तत्वज्ञान आणि काव्य
650 _aअध्यात्म
730 _aज्ञानेश्वर स्वरूप तत्वज्ञान आणि काव्य
942 _cBOOK
999 _c647682
_d647679